| 000 | 00481nam a2200181Ia 4500 | ||
|---|---|---|---|
| 008 | 230524s9999 xx 000 0 und d | ||
| 020 | _a8177000209 | ||
| 082 |
_a621.317 _bCHA |
||
| 100 | _aA.Chakrabarti | ||
| 245 | 2 | _aA Text Book on Power System Engineering | |
| 250 | _a1ST | ||
| 260 |
_aNEW DELHI _bDhanpat Rai _c2005 |
||
| 300 | _aXXVI;1013 | ||
| 500 | _aQuantity Number: 32 | ||
| 650 | _aElectrical | ||
| 700 | _a" M.L.Soni, P.V.Gupta , U.S.Bhatnagar,," | ||
| 942 | _cBK | ||
| 999 |
_c31381 _d31381 |
||